000 00486nam a2200169Ia 4500
005 20250508153304.0
008 008 250505s9999 xx 000 0 eng d
037 _aTextual
040 _aFEDL
_beng
_cFEDL
041 _aeng
_2eng
084 _a364.42, GRE
_qFEDL
245 0 _aRoyal commission on population : Report
260 _aLondon, UK
_bHis Majesty's Stationery Office
_c1949
300 _axii,258p.
942 _cTEXL
_h364.42, GRE
999 _c1341769
_d1341769